Financování a pojišťování firem

Trendy poistného trhu. Vyššie riziko - vyššie poistné. Očakávanie expanzie aktivít českých firiem a zakladanie pobočiek v zahraničí - po vstupe do EÚ. Aproximácia práva. Čo poistiť? Nový trend v poisťovníctve - spolupráca pri aktívnom riadení rizík.

Enregistré dans:
Détails bibliographiques
Format: Chapitre de livre
Langue:tchèque
Sujets:
Tags: Ajouter un tag
Pas de tags, Soyez le premier à ajouter un tag!

MARC

LEADER 00000naa$a2200000$$$4500
001 0002343
005 20231004071321.5
041 0 |a cze 
044 |a CZ 
245 1 0 |a Financování a pojišťování firem 
520 |a Trendy poistného trhu. Vyššie riziko - vyššie poistné. Očakávanie expanzie aktivít českých firiem a zakladanie pobočiek v zahraničí - po vstupe do EÚ. Aproximácia práva. Čo poistiť? Nový trend v poisťovníctve - spolupráca pri aktívnom riadení rizík. 
610 2 0 |a firmy 
610 2 0 |a poisťovníctvo 
610 2 0 |a trh poistný 
610 2 0 |a Európska únia